<?xml version="1.0" encoding="UTF-8"?>
<record
    xmlns:xsi="http://www.w3.org/2001/XMLSchema-instance"
    xsi:schemaLocation="http://www.loc.gov/MARC21/slim http://www.loc.gov/standards/marcxml/schema/MARC21slim.xsd"
    xmlns="http://www.loc.gov/MARC21/slim">

  <leader>00926nam a22002177a 4500</leader>
  <datafield tag="952" ind1=" " ind2=" ">
    <subfield code="0">0</subfield>
    <subfield code="1">0</subfield>
    <subfield code="2">lcc</subfield>
    <subfield code="4">0</subfield>
    <subfield code="7">0</subfield>
    <subfield code="a">07</subfield>
    <subfield code="b">07</subfield>
    <subfield code="d">2013-11-15</subfield>
    <subfield code="l">0</subfield>
    <subfield code="o">HF1009.5 G38 2007</subfield>
    <subfield code="p">07 004299</subfield>
    <subfield code="r">2013-11-15</subfield>
    <subfield code="t">1</subfield>
    <subfield code="w">2013-11-15</subfield>
    <subfield code="y">LB</subfield>
  </datafield>
  <datafield tag="952" ind1=" " ind2=" ">
    <subfield code="0">0</subfield>
    <subfield code="1">0</subfield>
    <subfield code="2">lcc</subfield>
    <subfield code="4">0</subfield>
    <subfield code="7">0</subfield>
    <subfield code="a">07</subfield>
    <subfield code="b">07</subfield>
    <subfield code="d">2013-11-15</subfield>
    <subfield code="l">1</subfield>
    <subfield code="o">HF1009.5 G38 2007</subfield>
    <subfield code="p">07 004300</subfield>
    <subfield code="r">2014-04-23</subfield>
    <subfield code="s">2014-04-23</subfield>
    <subfield code="t">2</subfield>
    <subfield code="w">2013-11-15</subfield>
    <subfield code="y">LB</subfield>
  </datafield>
  <datafield tag="952" ind1=" " ind2=" ">
    <subfield code="0">0</subfield>
    <subfield code="1">0</subfield>
    <subfield code="2">lcc</subfield>
    <subfield code="4">0</subfield>
    <subfield code="7">0</subfield>
    <subfield code="a">20</subfield>
    <subfield code="b">20</subfield>
    <subfield code="d">2018-05-08</subfield>
    <subfield code="l">1</subfield>
    <subfield code="o">HF1009.5 G37 2007</subfield>
    <subfield code="p">20 001946</subfield>
    <subfield code="r">2019-03-21</subfield>
    <subfield code="s">2019-03-21</subfield>
    <subfield code="t">1</subfield>
    <subfield code="w">2018-05-08</subfield>
    <subfield code="y">LB</subfield>
  </datafield>
  <datafield tag="952" ind1=" " ind2=" ">
    <subfield code="0">0</subfield>
    <subfield code="1">0</subfield>
    <subfield code="2">lcc</subfield>
    <subfield code="4">0</subfield>
    <subfield code="7">0</subfield>
    <subfield code="a">20</subfield>
    <subfield code="b">20</subfield>
    <subfield code="d">2018-05-08</subfield>
    <subfield code="l">2</subfield>
    <subfield code="o">HF1009.5 G37 2007</subfield>
    <subfield code="p">20 001947</subfield>
    <subfield code="r">2019-03-26</subfield>
    <subfield code="s">2019-03-26</subfield>
    <subfield code="t">2</subfield>
    <subfield code="w">2018-05-08</subfield>
    <subfield code="y">LB</subfield>
  </datafield>
  <datafield tag="999" ind1=" " ind2=" ">
    <subfield code="c">91262</subfield>
    <subfield code="d">91262</subfield>
  </datafield>
  <controlfield tag="008">131115t    2007mex||||| |||| 00| 0 spa d</controlfield>
  <datafield tag="020" ind1=" " ind2=" ">
    <subfield code="a">97010061756</subfield>
  </datafield>
  <datafield tag="050" ind1="0" ind2="4">
    <subfield code="a">HF1009.5</subfield>
    <subfield code="b">G37 2007</subfield>
  </datafield>
  <datafield tag="100" ind1=" " ind2=" ">
    <subfield code="a">Garc&#xED;a Sordo, Juan B.</subfield>
    <subfield code="e">autor</subfield>
  </datafield>
  <datafield tag="245" ind1="1" ind2="0">
    <subfield code="a">Marketing internacional</subfield>
    <subfield code="c"> / Juan B. Garcia Sordo</subfield>
  </datafield>
  <datafield tag="250" ind1=" " ind2=" ">
    <subfield code="a">2a. edici&#xF3;n</subfield>
  </datafield>
  <datafield tag="260" ind1=" " ind2=" ">
    <subfield code="a">M&#xE9;xico</subfield>
    <subfield code="b"> : McGraw-Hill</subfield>
    <subfield code="c"> , 2007</subfield>
  </datafield>
  <datafield tag="300" ind1=" " ind2=" ">
    <subfield code="a">xxxi ; 584 paginas</subfield>
  </datafield>
  <datafield tag="500" ind1=" " ind2=" ">
    <subfield code="a">Incluye:
Tabla de contenido
Ap&#xE9;ndice
&#xCD;ndice alfab&#xE9;tico
Acerca del autor
Presentaci&#xF3;n
Prefacio</subfield>
  </datafield>
  <datafield tag="505" ind1=" " ind2=" ">
    <subfield code="a">Introducci&#xF3;n al marketing internacional
El marketing global y su entorno
Nuevos bloques de mercado multinacionales
Dise&#xF1;o del plan de marketing</subfield>
  </datafield>
  <datafield tag="519" ind1=" " ind2=" ">
    <subfield code="a">Plan Flexible / </subfield>
    <subfield code="b">Tecnolog&#xED;as de la informaci&#xF3;n / </subfield>
    <subfield code="c">Mercadotecnia (B18) / </subfield>
    <subfield code="d">(20 001946, 20 001947)</subfield>
  </datafield>
  <datafield tag="650" ind1="1" ind2="7">
    <subfield code="a">MERCADO DE EXPORTACION</subfield>
  </datafield>
  <datafield tag="650" ind1="1" ind2="7">
    <subfield code="a">COMERCIO INTERNACOIONAL</subfield>
  </datafield>
  <datafield tag="650" ind1=" " ind2="0">
    <subfield code="a">DESARROLLO DE PRODUCTOS</subfield>
  </datafield>
  <datafield tag="942" ind1=" " ind2=" ">
    <subfield code="c">LB</subfield>
  </datafield>
</record>
